25 Największych miast Białorusi na mapie - Statystyki

Ogólne statystyki
  • Ten quiz został rozwiązany 40 razy
  • Średni wynik to 10 z 25
Odpowiedzi na mapie
Odpowiedzi zakodowano w zielono-czerwonej skali na mapie do tego quizu, zgodnie z poniższymi procentami.
 
Statystyki odpowiedzi
Miasto Populacja % Poprawnych
Mińsk 2 mln
95%
Brześć 340k
89%
Grodno 360k
84%
Homel 500k
79%
Witebsk 360k
68%
Mohylew 350k
63%
Pińsk 120k
63%
Baranowicze 170k
53%
Borysów 140k
53%
Bobrujsk 210k
47%
Lida 100k
42%
Połock 80k
42%
Mozyrz 110k
32%
Nowopołock 100k
32%
Orsza 100k
26%
Mołodeczno 90k
21%
Kobryń 55k
16%
Saligorsk 100k
16%
Słonim 50k
16%
Słuck 60k
16%
Swietłogorsk 65k
11%
Żłobin 75k
11%
Rzeczyca 65k
5%
Wołkowysk 40k
5%
Żodzino 65k
0%
Nie znaleziono quizów pasujących do podanych kryteriów
Rozkład punktacji
Procent ludzi z każdym wynikiem
Percentyl według liczby udzielonych odpowiedzi
Twoja historia wyników
Nie rozwiązałeś tego quizu